USA...ou URSS (Union soviétique)? - Statistiques

Statistiques générales
  • Ce quiz a été pris 491 fois
  • Le résultat moyen est 6 sur 12
Statistiques - réponses
Question Réponse % Correct
Quel pays a envahi l'Afghanistan en 1979? URSS
80%
Les troupes de quel pays ont remporté la bataille de Bautzen lors de la seconde guerre mondiale? URSS
72%
Quel pays a soutenu la Namibie pendant sa guerre d'indépendance? URSS
68%
Quel pays a envoyé la première sonde artificielle à Vénus en 1970? URSS
60%
Quel pays a été le premier à légaliser l'avortement? URSS
56%
Quel pays avait une population plus importante en 1991? URSS
48%
Quel pays avait le plus grand nombre de personnes vivant dans les zones urbaines en 1989? URSS
48%
L'association olympique de quel pays n'a reçu aucun financement du gouvernement? USA
48%
Quel pays a effectué un plus grand nombre d'essais d'armes nucléaires pendant la guerre froide? USA
40%
Quel pays a remporté la Coupe du monde FIBA ​​de basketball 1982 en battant l’autre équipe d’un point? URSS
36%
Quel pays a déclaré la guerre au Japon pendant la Seconde guerre mondiale? Tous les deux
28%
Quel pays avait le plus grand nombre de têtes nucléaires en 1975? USA
24%
Aucun quiz correspondant
Distribution des résultats
% des personnes avec chaque résultat
Percentile par nombre de réponses
Votre historique - résultats
Vous n’avez pas pris ce quiz